000
00219nam a22000857a 4500
008
160719b xxu||||| |||| 00| 0 eng d
100
_9
3063
_a
Clearly, B
245
_a
Ribsy
260
_a
New York
_b
William Morrow & Com.
_c
1964
999
_c
2626
_d
2626